000 00844nam a2200241 i 4500
001 180945
003 ES-MaACL
005 20251116063114.0
008 120831q19501959sp |||| | spa d
080 _a728.82(443.62 V.)(091)
100 1 _aMartín Quiroga, J.,
_9151397
245 1 0 _aVersalles /
_cJ. Martín ; portada de Coll ; ilustraciones de Chacopino.
260 _aBarcelona :
_bEdiciones G. P.,
_c[195-]
300 _a64 p. :
_bil. ;
_c11 cm.
490 1 _aEnciclopedia Pulga ;
_v28
610 2 4 _aChâteau de Versailles-
_vHistoria.
_9151395
651 4 _aVersalles-
_xEdificios, estructuras, etc.-
_vHistoria.
_9151396
700 0 _aColl, Alejandro.
_939607
700 1 _aChacopino Fabre, Joaquín.
_9150736
830 0 _aEnciclopedia Pulga ;
_v28
_9191296
852 _aES-MaACL
_j2311-F-33
999 _c180945
_d180945